000
00290nam a2200109Ia 4500
008
230907s9999||||xx |||||||||||||| ||und||
082
_a
150.287
_b
COH
100
_a
Cohen, Ronald Jay,
_9
116116
245
0
_a
Psychological testing and assessment /
300
_a
xxix, 566 pages ;
942
_c
BK
999
_c
601095
_d
601095